Liedtext - Rebellion - Grave Digger (Lyrics) - Statistiken

Allgemein
  • Dieses Quiz wurde 6 mal gespielt
  • Das Durchschnittsergebnis liegt bei 139 aus 244
Antwortstatistiken
Antwort % Korrekt
are
100%
Are
100%
find
100%
my
100%
My
100%
of
100%
or
100%
The
100%
the
100%
(The
100%
will
100%
Bagpipers
80%
Clans
80%
clan's
80%
Death
80%
`gainst
80%
glory
80%
glory!
80%
I
80%
law
80%
marching
80%
Marching)
80%
mind
80%
on
80%
play
80%
tunes
80%
war
80%
Rebellion
60%
rebellion
60%
and
40%
in
40%
also
20%
be
20%
Come
20%
for
20%
Get
20%
He
20%
his
20%
is
20%
like
20%
no
20%
Rumours
20%
their
20%
To
20%
to
20%
You
20%
Ariana
0%
Armed
0%
artists
0%
at
0%
At
0%
Battle
0%
Bonnie
0%
break
0%
Calling
0%
Charles
0%
claim
0%
crown
0%
Defeated
0%
defend
0%
Digger
0%
doubt
0%
Edinburgh
0%
English
0%
favorite
0%
Fell
0%
gathering
0%
Glenfinnen
0%
Grande
0%
Grave
0%
Hampstead
0%
hand
0%
hands
0%
highlands
0%
I'll
0%
Jacobites
0%
know
0%
might
0%
must
0%
our
0%
out
0%
pop
0%
Prestopans
0%
pride
0%
Prince
0%
raised
0%
ready
0%
rights
0%
See
0%
shows
0%
side
0%
soon
0%
stand
0%
Standard
0%
Steel
0%
that
0%
tickets
0%
town
0%
twilight
0%
upcoming
0%
your
0%
zone
0%
Keine übereinstimmenden Quizze gefunden
Verteilung der Resultate
Anzahl Personen mit jedem Resultat
Perzentil nach korrekt beantworteten Fragen
Ihre Resultats-Entwicklung
Sie haben dieses Quiz noch nicht gespielt